[Event "EU-ch Online U12 Girls"]
[Site "Tornelo INT"]
[Date "2020.09.20"]
[Round "7"]
[White "Peeters, Yumi"]
[Black "Andries, Leia"]
[Result "0-1"]
[WhiteElo "1186"]
[BlackElo "1281"]
[PlyCount "168"]
[EventDate "2020.09.18"]
[EventType "swiss (rapid)"]
[EventRounds "9"]
[EventCountry "NET"]
[SourceTitle "EXT 2023"]
[Source "ChessBase"]
[SourceDate "2022.10.05"]
[SourceVersion "1"]
[SourceVersionDate "2022.10.05"]
[SourceQuality "1"]
[WhiteTeam "Belgien"]
[BlackTeam "Denmark"]
[WhiteTeamCountry "BEL"]
[BlackTeamCountry "DEN"]

1. e4 c5 2. Nf3 Nc6 3. d4 cxd4 4. Nxd4 g6 5. Be2 Bg7 6. Be3 Nf6 7. Nc3 0-0 8. Qd2 d5 9. exd5 Nxd5 10. Bh6 Nxd4 11. Bxg7 Kxg7 12. Qxd4+ Nf6 13. 0-0-0 Be6 14. Qe3 Qa5 15. a3 a6 16. Qf3 b5 17. Qb7 b4 18. Qxb4 Qg5+ 19. Kb1 Qxg2 20. Qf4 Qh3 21. Bf3 Bg4 22. Bxg4 Nxg4 23. Rd3 Qg2 24. Re1 Qxf2 25. Qd4+ Qxd4 26. Rxd4 Nxh2 27. Rf4 h5 28. Rxe7 Kg8 29. Nd5 Ng4 30. Nb6 Rae8 31. Ra7 g5 32. Rf5 Re5 33. Rf1 h4 34. Nd7 h3 35. Nxe5 Nxe5 36. Rf5 f6 37. Rxa6 h2 38. Rf1 Nf3 39. Rh1 Kg7 40. Rb6 Re8 41. Rb7+ Kg6 42. a4 Re1+ 43. Rxe1 Nxe1 44. a5 h1Q 45. a6 Nd3+ 46. Ka2 Nc5 47. Rb6 Qd5+ 48. b3 Qd1 49. a7 Qxc2+ 50. Ka1 Qe4 51. Rb8 Qe1+ 52. Ka2 Qa5+ 53. Kb2 f5 54. a8Q Qxa8 55. Rxa8 f4 56. Rg8+ Kh5 57. Re8 f3 58. Re1 f2 59. Rf1 Ne4 60. Kc2 g4 61. Kd3 g3 62. Kxe4 g2 63. Rxf2 g1Q 64. Rf5+ Kg4 65. Rf4+ Kh3 66. Rf3+ Kg2 67. Kf4 Qd4+ 68. Kg5 Qd5+ 69. Rf5 Qd8+ 70. Kf4 Qh4+ 71. Ke5 Kg3 72. Ke6 Kg4 73. Re5 Qh6+ 74. Kd5 Qh1+ 75. Ke6 Qc6+ 76. Kf7 Qb7+ 77. Re7 Qxb3+ 78. Re6 Kf5 79. Ke7 Qxe6+ 80. Kd8 Qf7 81. Kc8 Ke6 82. Kb8 Kd6 83. Ka8 Kc6 84. Kb8 Qb7# 0-1

[Event "EU-ch Online U12 Girls"]
[Site "Tornelo INT"]
[Date "2020.09.18"]
[Round "1"]
[White "Jansone, Melanija Luize"]
[Black "Peeters, Yumi"]
[Result "1-0"]
[WhiteElo "1484"]
[BlackElo "1186"]
[PlyCount "63"]
[EventDate "2020.09.18"]
[EventType "swiss (rapid)"]
[EventRounds "9"]
[EventCountry "NET"]
[SourceTitle "EXT 2023"]
[Source "ChessBase"]
[SourceDate "2022.10.05"]
[SourceVersion "1"]
[SourceVersionDate "2022.10.05"]
[SourceQuality "1"]
[WhiteTeam "Latvia"]
[BlackTeam "Belgien"]
[WhiteTeamCountry "LAT"]
[BlackTeamCountry "BEL"]

1. e4 e5 2. Nf3 Nc6 3. d4 exd4 4. Nxd4 Nf6 5. Nxc6 bxc6 6. Bd3 d5 7. exd5 cxd5 8. 0-0 Bd6 9. Re1+ Be6 10. Nd2 0-0 11. Nf3 Bg4 12. h3 Bh5 13. c3 c6 14. Bg5 h6 15. Be3 Qc7 16. Be2 Rab8 17. b3 a5 18. Nd4 Bg6 19. Bd3 Ne4 20. Qc2 Bh2+ 21. Kh1 Bd6 22. Rad1 Rb7 23. Nf3 Rfb8 24. Kg1 a4 25. b4 f5 26. Nh4 Bh5 27. Be2 Bh2+ 28. Kh1 Bxe2 29. Rxe2 Bd6 30. Nxf5 Rf8 31. Nxd6 Qxd6 32. Qxe4 1-0